000 00233 a2200085 4500
020 _a9783836544672
100 _a August Sarnitz
245 _aAdolf Loos: 1870-1933: Architect, Cultural Critic, Dandy
260 _bTaschen America Llc
_c2016
999 _c13375
_d13375